[Event "Caissa IM November 2011"]
[Site "Kecskemet HUN"]
[Date "2011.11.22"]
[Round "5.1"]
[White "Farkas,Ti"]
[Black "Varga,Kl"]
[Result "1/2-1/2"]
[WhiteElo "2276"]
[BlackElo "2127"]

1.e4 d6 2.d4 g6 3.Nc3 Bg7 4.Nf3 Nd7 5.Be2 Ngf6 6.h3 O-O 7.O-O Re8 8.Re1 e5
9.Bf1 exd4 10.Nxd4 c6 11.a4 a5 12.Bf4 Ne5 13.Nf3 Nh5 14.Bh2 Qc7 15.Nxe5 Bxe5
16.Bxe5 dxe5 17.Qf3  1/2-1/2

[Event "Femida Cup Women"]
[Site "Kharkiv UKR"]
[Date "2011.11.22"]
[Round "3"]
[White "Balaian,Ali"]
[Black "Andrenko,I"]
[Result "0-1"]
[WhiteElo "2206"]
[BlackElo "2210"]

1.e4 g6 2.d4 Bg7 3.Nc3 d6 4.f4 a6 5.Nf3 b5 6.Bd3 Nd7 7.e5 c5 8.Ne4 c4 9.Be2 Bb7
10.Ng3 e6 11.O-O Qb6 12.Kh1 h5 13.Ng5 Ne7 14.Bf3 Bxf3 15.Qxf3 d5 16.c3 h4
17.Ne2 Nf5 18.Qg4 Bf8 19.Qh3 Rh5 20.Qf3 Be7 21.Ng1 Kf8 22.Qe2 Kg7 23.Rf3 a5
24.b3 cxb3 25.axb3 Qc6 26.Rh3 Rhh8 27.Qd3 a4 28.Rb1 Nb6 29.N1f3 axb3 30.Nd2 b4
31.Nxb3 bxc3 32.Qxc3 Rhc8 33.Qe1 Ra2 34.Bd2 Nc4 35.Rc3 Qa4 36.Bc1 Bb4 37.Bd2 Rxd2
38.Rxc4 Rxc4 39.Nxd2 Rxd4 40.Ngf3 Rxf4 41.Qc1 h3 42.Nf1 hxg2+ 43.Kxg2 Rc4
44.Qd1 Qa2+ 45.Kh3 g5 46.N1d2 Bxd2 47.Ra1 Qb2 48.Qxd2 g4+ 49.Kg2 Rc2  0-1

[Event "Femida Cup Women"]
[Site "Kharkiv UKR"]
[Date "2011.11.22"]
[Round "3"]
[White "Sharovskaya,O"]
[Black "Bezkorovaina,M"]
[Result "0-1"]
[WhiteElo "1966"]
[BlackElo "2059"]

1.e4 g6 2.d4 Bg7 3.Nc3 d6 4.Be3 Nf6 5.f3 c6 6.Qd2 b5 7.O-O-O O-O 8.g4 a5
9.h4 b4 10.Nb1 Be6 11.a3 Nbd7 12.h5 Qc7 13.Bh6 Ba2 14.Bxg7 Kxg7 15.hxg6 fxg6
16.Qh6+ Kg8 17.g5 Nh5 18.Bh3 Rf7 19.Ne2 Nf8 20.a4 Bc4 21.Rh2 b3 22.c3 e5
23.Bg4 Bxe2 24.Rxe2 Nf4 25.Rh2 d5 26.Na3 Re8 27.Kb1 exd4 28.Rxd4 c5 29.Nb5 Qe5
30.Rd1 dxe4 31.Nd6 Rd8 32.Rhd2 e3 33.Nxf7 Rxd2  0-1

[Event "3rd Pilsen Open"]
[Site "Plzen CZE"]
[Date "2011.11.23"]
[Round "6"]
[White "Pokrupa,M"]
[Black "Klement,L"]
[Result "1-0"]
[WhiteElo "2209"]
[BlackElo "2250"]

1.Nc3 g6 2.d4 Bg7 3.e4 d6 4.Be3 Nf6 5.Nge2 e5 6.Qd2 Nc6 7.f3 O-O 8.O-O-O a6
9.h4 exd4 10.Nxd4 Ne5 11.Bh6 c5 12.Nf5 gxf5 13.Qg5 Ng6 14.Bxg7 Kxg7 15.exf5 h6
16.Qg3 Bxf5 17.h5 b5 18.hxg6 fxg6 19.Qh2 h5 20.g4 b4 21.gxf5 bxc3 22.Rg1 cxb2+
23.Kb1 Ra7 24.Rxg6+ Kh8 25.Rxd6 Qe7 26.Qd2 Nh7 27.Qc3+ Nf6 28.Rdxf6 Rxf6
29.Qxf6+  1-0

[Event "21st World Seniors"]
[Site "Rijeka CRO"]
[Date "2011.11.23"]
[Round "8.8"]
[White "Filipenko,A"]
[Black "Cebalo,M"]
[Result "1/2-1/2"]
[WhiteElo "2353"]
[BlackElo "2446"]

1.d4 g6 2.e4 Bg7 3.Nc3 d6 4.Bg5 a6 5.Nf3 Nd7 6.a4 c5 7.d5 Ngf6 8.Be2 O-O
9.O-O Qc7 10.Re1 b6 11.h3 Bb7 12.Qd2 Rad8 13.Rad1 Rfe8 14.Bc4 Ne5 15.Nxe5 dxe5
16.Qd3 Qc8 17.Qe3 Qc7 18.Rf1 Rf8 19.Qe2 Ra8 20.Qe3 Ne8 21.Bh6 Nd6 22.Bxg7 Kxg7
23.Be2 f6 24.f4 Nf7 25.f5 g5 26.Bh5 Nd6 27.h4 gxh4 28.Kf2 c4 29.Rh1 Qc5 30.Qxc5 bxc5
31.Rxh4 Rg8 32.Rdh1 Bc8 33.Bf3 Rh8 34.Rg4+ Kf8 35.Rgh4 Kg7 36.Rg4+  1/2-1/2

[Event "Femida Cup Women"]
[Site "Kharkiv UKR"]
[Date "2011.11.24"]
[Round "5"]
[White "Tarleva,V"]
[Black "Andrenko,I"]
[Result "0-1"]
[WhiteElo "2153"]
[BlackElo "2210"]

1.e4 g6 2.d4 Bg7 3.Nc3 d6 4.Be3 c6 5.h4 Nf6 6.h5 Qa5 7.h6 Bf8 8.f3 Nbd7 9.g4 e5
10.Ne2 b5 11.Qd2 Nb6 12.Ng3 Be7 13.a3 Nc4 14.Bxc4 bxc4 15.g5 Nd7 16.f4 exf4
17.Bxf4 Rb8 18.Rb1 O-O 19.O-O Qd8 20.e5 d5 21.Qe3 Rb7 22.Kh1 Nb6 23.Nge2 Be6
24.Qg3 Nd7 25.Be3 Qb8 26.Nf4 Rxb2 27.Nxe6 fxe6 28.Qh3 Rf5 29.Rxf5 Rxb1+ 30.Nxb1 exf5
31.Nd2 Nf8 32.Qf1 Ne6 33.Nxc4 Qb5 34.Nd2 Qxf1+ 35.Nxf1 Bxa3 36.Nh2 Bb2 37.Nf3 a5
38.Ne1 a4 39.Nd3 a3 40.Nb4 Bc3 41.Na2 Bxd4 42.Bc1 Bb2 43.Bd2 Bxe5 44.Bb4 Nxg5
45.Bxa3 Nf7 46.Bc1 c5 47.Ba3 Bd4 48.Nc1 Nxh6 49.Nb3 Ng4 50.Nxc5 Ne3  0-1

[Event "21st World Seniors"]
[Site "Rijeka CRO"]
[Date "2011.11.24"]
[Round "9.12"]
[White "Leskovar,Mar"]
[Black "Rukavina,J"]
[Result "1-0"]
[WhiteElo "2316"]
[BlackElo "2421"]

1.e4 d6 2.d4 g6 3.Nc3 Bg7 4.Be3 a6 5.Qd2 Nd7 6.O-O-O b5 7.h4 h5 8.Nh3 Bb7
9.Ng5 Nh6 10.f3 c6 11.Kb1 Qc7 12.Be2 Nb6 13.Bd3 b4 14.Ne2 c5 15.d5 Na4 16.b3 Nc3+
17.Nxc3 Bxc3 18.Qe2 Bc8 19.Rhg1 Ng8 20.Bc4 Bd7 21.Qd3 Qa5 22.f4 Nh6 23.Rgf1 Ng4
24.Bd2 Bg7 25.Ne6 Bf6 26.e5 dxe5 27.f5 Bb5 28.fxg6 fxe6 29.g7 Rg8 30.Qg6+ Kd7
31.Qf7 Rxg7 32.Qxe6+ Ke8 33.Rxf6 Nxf6 34.Bg5 Nd7 35.d6 Bxc4 36.bxc4 Nf8 37.Qxe5 Rf7
38.dxe7 Nd7 39.Qh8+  1-0

[Event "XXVII Silesian Cup"]
[Site "Legnica POL"]
[Date "2011.11.25"]
[Round "3"]
[White "Kolosowski,M"]
[Black "Fraczek,Dan"]
[Result "0-1"]
[WhiteElo "2435"]
[BlackElo "2412"]

1.e4 g6 2.d4 Bg7 3.Nc3 d6 4.Nf3 Nf6 5.Be2 O-O 6.O-O Nc6 7.d5 Nb8 8.Bg5 c6
9.Qd2 Bg4 10.Rfe1 Nbd7 11.dxc6 bxc6 12.Nd4 Rc8 13.f3 Be6 14.Nxe6 fxe6 15.Be3 Qc7
16.Bc4 d5 17.Bb3 Kh8 18.Bf2 Rce8 19.exd5 exd5 20.Re6 Nh5 21.Rae1 Rf7 22.Ba4 Nb8
23.Ne2 Bf6 24.Bd4 Ng7 25.Bxf6 Rxf6 26.Rxf6 exf6 27.Nd4 Re5 28.Re3 c5 29.Nb5 Qe7
30.Rxe5 Qxe5 31.Nxa7 Nf5 32.c3 Ne3 33.Bb5 d4 34.a4 Nd5 35.cxd4 cxd4 36.Bc4 Ne3
37.Bd3 Qc5 38.Nb5 Nc6 39.Kf2 Qg5 40.Kg1 Ne5 41.Be4 d3 42.h4 Qg3 43.Nd4 N5c4
44.Qf2 Qxf2+ 45.Kxf2 d2  0-1

[Event "Frauenbundesliga 2011-12"]
[Site "Germany GER"]
[Date "2011.11.26"]
[Round "3.6"]
[White "Brendel, Bergit"]
[Black "Judek, Magdalena Maria"]
[Result "1-0"]
[WhiteElo "2119"]
[BlackElo "1797"]

1.e4 d6 2.d4 g6 3.Nc3 Bg7 4.Be3 e6 5.Qd2 Ne7 6.Bh6 O-O 7.h4 c5 8.h5 Bxd4
9.Bxf8 Qxf8 10.Nf3 Nbc6 11.Nxd4 Nxd4 12.Nb5 Nxb5 13.Bxb5 a6 14.Be2 d5 15.O-O-O b5
16.Rh2 Ra7 17.Rdh1 Nc6 18.exd5 exd5 19.hxg6 Qd6 20.Rxh7 Qxg6 21.Rh8+ Kg7
22.Rxc8 Re7 23.Rxc6 Qxc6 24.Qg5+ Qg6 25.Qxe7 Qxg2 26.Bf3 Qg6 27.Qe5+ f6 28.Qe7+ Kg8
29.Bxd5+  1-0

[Event "Femida Cup Women"]
[Site "Kharkiv UKR"]
[Date "2011.11.26"]
[Round "7"]
[White "Breslavska,G"]
[Black "Andrenko,I"]
[Result "0-1"]
[WhiteElo "2201"]
[BlackElo "2210"]

1.e4 g6 2.d4 Bg7 3.Nc3 d6 4.Be2 a6 5.h4 h5 6.Nh3 b5 7.Ng5 Bb7 8.Be3 Nd7 9.a4 b4
10.Bc4 e6 11.Ne2 d5 12.exd5 Bxd5 13.Bxd5 exd5 14.Nf4 Ngf6 15.a5 O-O 16.O-O Rb8
17.Qd3 Rb5 18.Ra4 Re8 19.Qb3 Bf8 20.Qd3 Bg7 21.c4 bxc3 22.bxc3 Ne4 23.Nxd5 Rxd5
24.Nxe4 Qxh4 25.Nd2 Qg4 26.f3 Qe6 27.Qe4 Nc5 28.dxc5 Qc6 29.Qc4 Rxe3 30.Ne4 Bxc3
31.Nxc3 Rxc5 32.Qd4 Rcxc3 33.Rb4 Re8 34.Rd1 Qc5 35.Qxc5 Rxc5 36.Rd7 Rxa5
37.Rxc7 Rf5 38.Ra7 a5 39.Rb6 Re2 40.Kf1 Ra2 41.Rb8+ Kg7 42.Rab7 a4 43.Rb5 Rf6
44.R8b6 a3 45.Rxf6 Kxf6 46.Ra5 h4 47.Kg1 Ra1+ 48.Kh2 a2 49.Ra7 Ke5 50.Ra5+ Kd4
51.Ra3 g5 52.g3 hxg3+ 53.Kg2 f5 54.Ra4+ Ke3 55.Ra3+ Ke2 56.Ra8 f4 57.Re8+ Kd3
58.Rd8+ Kc4 59.Rc8+ Kd5 60.Rd8+ Ke6 61.Re8+ Kf7 62.Ra8 g4 63.Rf8+ Kxf8  0-1

[Event "TCh-HUN 2011-12"]
[Site "Budapest HUN"]
[Date "2011.11.27"]
[Round "4"]
[White "Straubinger,D"]
[Black "Szieberth,A"]
[Result "1-0"]
[WhiteElo "2226"]
[BlackElo "2347"]

1.e4 g6 2.d4 Bg7 3.Nc3 d6 4.Be3 a6 5.Qd2 b5 6.Bd3 Nd7 7.Nce2 Bb7 8.Ng3 c5
9.c3 Ngf6 10.Bh6 Bxh6 11.Qxh6 cxd4 12.cxd4 Qa5+ 13.Qd2 Qxd2+ 14.Kxd2 e5 15.d5 Ng4
16.Ke2 Nc5 17.Bc2 b4 18.f3 Nf6 19.Nh3 h5 20.Nf2 h4 21.Nf1 a5 22.Nd3 Nfd7
23.Nxc5 Nxc5 24.Bd3 Ke7 25.Nd2 Nxd3 26.Kxd3 Ba6+ 27.Ke3 Rac8 28.Rac1 f5 29.Rhe1 f4+
30.Kf2 a4 31.Red1 Bd3 32.Rg1 Bc2 33.g3 hxg3+ 34.hxg3 Rh2+ 35.Rg2 Rxg2+ 36.Kxg2 Rc5
37.Kf2 Bd3 38.Rxc5 dxc5 39.b3 fxg3+ 40.Kxg3 a3 41.Kf2 c4 42.Ke3 Kd6 43.f4 exf4+
44.Kd4 f3 45.bxc4 Be2 46.c5+ Ke7 47.d6+ Ke6 48.Ke3 Bd1 49.e5 b3 50.c6 bxa2
51.c7 Kd7 52.e6+ Kc8 53.Nc4 a1=Q 54.Nb6+ Kb7 55.d7 Be2 56.Ke4 a2  1-0

[Event "TCh-HUN 2011-12"]
[Site "Budapest HUN"]
[Date "2011.11.27"]
[Round "4"]
[White "Fogarasi,T"]
[Black "Toth,E"]
[Result "1/2-1/2"]
[WhiteElo "2404"]
[BlackElo "2472"]

1.e4 g6 2.d4 Bg7 3.Nc3 d6 4.Be3 c6 5.a4 Nf6 6.h3 O-O 7.Nf3 Qa5 8.Nd2 d5 9.e5 Ne8
10.Bd3 f6 11.exf6 exf6 12.O-O Qc7 13.Ne2 a5 14.Bf4 Qd8 15.c3 Na6 16.Re1  1/2-1/2

[Event "TCh-CZE Liga 1 Zapad"]
[Site "Czech Rep CZE"]
[Date "2011.11.27"]
[Round "4.3"]
[White "Voloshin,L"]
[Black "Rasik,V"]
[Result "1/2-1/2"]
[WhiteElo "2449"]
[BlackElo "2473"]

1.d4 g6 2.e4 Bg7 3.Nc3 d6 4.Be3 Nf6 5.f3 c6 6.Qd2 b5 7.g4 h5 8.g5 Nfd7 9.f4 Bb7
10.Nf3 Nb6 11.Nh4 b4 12.Nd1 c5 13.d5 N8d7 14.c4 Qc7 15.Bd3 O-O-O 16.O-O Rhe8
17.a3 a5 18.Bf2 e6 19.Ne3 Kb8 20.Rfc1 Nf8  1/2-1/2

[Event "TCh-CZE Liga 1 Zapad"]
[Site "Czech Rep CZE"]
[Date "2011.11.27"]
[Round "4.1"]
[White "Svoboda,V2"]
[Black "Michalek,J"]
[Result "1/2-1/2"]
[WhiteElo "2321"]
[BlackElo "2332"]

1.e4 g6 2.d4 d6 3.Nc3 Bg7 4.Be3 a6 5.Bd3 b5 6.h4 Nf6 7.f3 Nbd7 8.Nce2 c5
9.c3 Bb7 10.Nh3 cxd4 11.cxd4 Rc8 12.Qd2 e5 13.d5 h5 14.Nf2 Nc5 15.Bc2 a5
16.b4 axb4 17.Qxb4 Nfd7 18.Bd3 O-O 19.Bxb5 Bf6 20.g3 Rb8 21.a4 Ba6 22.Qc4 Qa5+
23.Qc3 Rxb5 24.axb5 Qxb5 25.Ra2 Qb1+ 26.Nc1 Rb8 27.Rxa6 Nxa6 28.Qc6 Nac5
29.O-O Be7 30.Ncd3 Qb5 31.Qxb5 Rxb5 32.Nxc5 Nxc5 33.Rc1  1/2-1/2

[Event "Femida Cup Women"]
[Site "Kharkiv UKR"]
[Date "2011.11.27"]
[Round "8"]
[White "Bezkorovaina,M"]
[Black "Andrenko,I"]
[Result "1/2-1/2"]
[WhiteElo "2059"]
[BlackElo "2210"]

1.e4 g6 2.d4 Bg7 3.Nc3 d6 4.Nf3 a6 5.Be2 b5 6.O-O Bb7 7.a3 Nd7 8.Re1 c5 9.Be3 cxd4
10.Bxd4 Ngf6 11.a4 e5 12.Be3 b4 13.Nd5 Nxe4 14.Nxb4 Qa5 15.c3 O-O 16.Nd2 Nxd2
17.Qxd2 d5 18.Bf3 Nf6 19.Bg5 e4 20.Bd1 Nd7 21.Bb3 Nb6 22.Rad1 Nc4 23.Bxc4 dxc4
24.Qd7 Qxg5 25.Qxb7 Qa5 26.Rd7 Rab8 27.Qxe4 Qxa4 28.Qd5 Rb5 29.Qd2 Rbb8 30.g3 a5
31.Ra7 Qb5 32.Nd5 Qxb2 33.Qxb2 Rxb2 34.Rxa5 Rd8 35.Rd1 Kf8 36.Kf1 Rb7 37.Rc5 Rbd7
38.Ke2 Re8+ 39.Ne3 Rxd1 40.Kxd1 Bxc3 41.Rxc4 Rd8+ 42.Ke2 Rd2+ 43.Kf3 Bd4
44.Rc2 Bxe3 45.Rc8+ Kg7 46.Kxe3 Rd1 47.Kf3 h5 48.Rc5 Re1 49.h4 Re6 50.Kf4 Rf6+
51.Ke3 Re6+ 52.Kf4 Rf6+ 53.Ke3 Re6+ 54.Kf4 Rf6+ 55.Ke3  1/2-1/2

[Event "VIII Regina Prol"]
[Site "Santos BRA"]
[Date "2011.11.27"]
[Round "2.2"]
[White "Stamenkovic,Dr"]
[Black "Blit,J"]
[Result "0-1"]
[WhiteElo "2422"]
[BlackElo "2310"]

1.d4 g6 2.e4 Bg7 3.Nc3 d6 4.f4 a6 5.Nf3 b5 6.Bd3 Nd7 7.a4 b4 8.Na2 a5 9.Qe2 e5
10.fxe5 dxe5 11.Bg5 Bf6 12.Bxf6 Ngxf6 13.dxe5 Ng4 14.e6 fxe6 15.Nd4 Nde5
16.Bb5+ Kf7 17.O-O+ Kg7 18.c3 bxc3 19.bxc3 c5 20.Nb3 Qh4 21.g3 Qe7 22.h3 Nf6
23.Qe3 c4 24.Nd2 Qa7 25.Qxa7+ Rxa7 26.Nxc4 Nxc4 27.Bxc4 Nxe4 28.Rfe1 Nd2
29.Be2 Rf8 30.Red1 Ne4 31.g4 Nf2 32.Rd6 Nxh3+ 33.Kh2 Rf2+ 34.Kxh3 Rxe2 35.Kg3 Rf7
36.g5 Bb7  0-1

[Event "Vizag GM Open"]
[Site "Visakhapatnam IND"]
[Date "2011.11.28"]
[Round "7"]
[White "Girinath,P"]
[Black "Danielsen,Hen"]
[Result "0-1"]
[WhiteElo "2360"]
[BlackElo "2542"]

1.e4 g6 2.d4 Bg7 3.Nc3 d6 4.g3 Nd7 5.Bg2 c5 6.Nge2 Rb8 7.a4 b6 8.O-O a6 9.Be3 Ngf6
10.h3 O-O 11.Qd2 cxd4 12.Nxd4 Bb7 13.Rfe1 Nc5 14.Bg5 e6 15.Nb3 Qc7 16.Rad1 Ne8
17.Nd4 Rc8 18.Bh6 Nf6 19.Qg5 Rfd8 20.f4 Bxh6 21.Qxh6 d5 22.exd5 Nxd5 23.f5 Qxg3
24.fxe6 Nf4 25.exf7+ Kh8  0-1

[Event "Vizag GM Open"]
[Site "Visakhapatnam IND"]
[Date "2011.11.28"]
[Round "7"]
[White "Ramakrishna,P"]
[Black "Petrosian,TL"]
[Result "0-1"]
[WhiteElo "2092"]
[BlackElo "2636"]

1.e4 d6 2.d4 g6 3.Nc3 Bg7 4.Be3 a6 5.Qd2 b5 6.O-O-O Bb7 7.f3 Nd7 8.h4 h5
9.Kb1 Rc8 10.Nh3 c5 11.d5 Nb6 12.b3 Nf6 13.Nf4 Nfd7 14.Nce2 Ne5 15.Nc1 b4
16.Ncd3 Nec4 17.bxc4 Nxc4 18.Qf2 Qa5 19.Bc1 Ba8 20.Bb2 Bc3 21.Ka1 Nxb2 22.Nxb2 c4
23.Ne2 Qa3 24.Rb1 Bg7 25.Nd4 O-O 26.f4 Rc5 27.Rh3 b3 28.cxb3 Ra5 29.Na4 cxb3
30.Nc3 Bxd4  0-1

[Event "Vizag GM Open"]
[Site "Visakhapatnam IND"]
[Date "2011.11.28"]
[Round "8"]
[White "Andriasian,Z"]
[Black "Dzhumaev,M"]
[Result "1/2-1/2"]
[WhiteElo "2619"]
[BlackElo "2485"]

1.e4 g6 2.d4 Bg7 3.Nc3 d6 4.Bg5 Nd7 5.Qd2 a6 6.f4 b5 7.Nf3 Bb7 8.Bd3 c5 9.dxc5 Nxc5
10.O-O Nf6 11.Rae1 O-O 12.a3  1/2-1/2

[Event "8th Vasylyshyn Mem GM"]
[Site "Lviv UKR"]
[Date "2011.12.01"]
[Round "3"]
[White "Baghdasaryan,V"]
[Black "Tregubov,V"]
[Result "0-1"]
[WhiteElo "2362"]
[BlackElo "2397"]

1.e4 g6 2.d4 Bg7 3.Nc3 d6 4.Be3 a6 5.Qd2 b5 6.h4 h5 7.Nf3 Nd7 8.Ng5 Bb7 9.O-O-O Nb6
10.f4 Nh6 11.d5 b4 12.Nb1 c5 13.dxc6 Bxc6 14.Qxb4 Na4 15.Bd4 Bxd4 16.Qxd4 O-O
17.b3 Nc5 18.Bc4 Bb5 19.Bd5 Rc8 20.f5 gxf5 21.exf5 Nxf5 22.Qf4 e6 23.Rh3 Qf6
24.Rg3 Qg6 25.Rc3 exd5 26.Rxd5 Bd7 27.Nf3 Be6 28.Nd4 Nxd4 29.Rxd4 Kh7 30.Rxd6 Ne4
31.Rxc8 Rxc8 32.Rxa6 Nc5 33.Rd6 Nd3+ 34.Rxd3 Qxd3 35.Na3 Bf5 36.Qf2 Bg6 37.Nc4 Qc3
38.g4 Re8 39.Kd1 Kg8 40.gxh5 Bxh5+  0-1

[Event "Porec Open 2011"]
[Site "Porec CRO"]
[Date "2011.12.01"]
[Round "2"]
[White "Martinovic,Sa"]
[Black "Havas,Ja"]
[Result "1-0"]
[WhiteElo "2504"]
[BlackElo "2174"]

1.d4 g6 2.e4 Bg7 3.Nc3 d6 4.g3 Nd7 5.Bg2 e5 6.Nge2 Ne7 7.O-O O-O 8.Bg5 h6
9.Be3 exd4 10.Bxd4 Nf6 11.h3 Nc6 12.Be3 Re8 13.Qd2 Kh7 14.f4 Qe7 15.Bf2 Be6
16.b3 Rad8 17.Rae1 Qd7 18.g4 Qc8 19.Bh4 Bd7 20.Ng3 Bxg4 21.hxg4 Qxg4 22.Bxf6 Bxf6
23.Nce2 Bh4 24.Kh2 Qd7 25.Bh3 Qe7 26.Nc3 f6 27.Qd1 Qg7 28.Rg1 Qh8 29.Nd5 Bxg3+
30.Rxg3 f5 31.Qh5 Re6 32.Bxf5 Qe8 33.Rxg6 Rxg6 34.Nf6+  1-0

[Event "ITT Pre Jahv Mcgregor"]
[Site "Silvania COL"]
[Date "2011.12.01"]
[Round "2"]
[White "Perez Rodriguez,L"]
[Black "Shoker,S"]
[Result "1/2-1/2"]
[WhiteElo "2475"]
[BlackElo "2512"]

1.e4 d6 2.d4 g6 3.Nc3 Bg7 4.Be3 c6 5.Qd2 b5 6.Bd3 Nd7 7.Nf3 Bb7 8.O-O Ngf6
9.h3 e5 10.dxe5 dxe5 11.a4 a6 12.Ne2 Qe7 13.Ng3 Nc5 14.axb5 cxb5 15.b4 Ncxe4
16.Bxe4 Nxe4 17.Nxe4 Bxe4 18.Bc5 Qb7 19.Rfd1 Bf5 20.Qd6 f6 21.g4 Bc8 22.Nd4 Kf7
23.Nxb5 h5 24.Nc7 Bf8 25.Qd8 Bxg4 26.Nxa8 Bxc5 27.Qd5+ Qxd5 28.Rxd5 Bxb4
29.hxg4 Rxa8 30.Rd7+ Ke6 31.Rb7 Bc5 32.Ra5 Bd4 33.gxh5 gxh5 34.Rh7 Bb6 35.Ra4 a5
36.Rxh5 Rd8 37.Rc4 Rd1+ 38.Kg2 Kd5 39.Rc3 Bd4 40.Ra3 Rd2 41.Rxa5+ Ke4 42.Rh4+ Kf5
43.Rxd4 Rxd4 44.Kf3 Rc4 45.Ra2 Rc3+ 46.Ke2 Kf4 47.Rb2 e4 48.Ra2 f5 49.Kd2 Rc5
50.Ke2 Kg4 51.Ke3 Rc4 52.Ke2 f4 53.Rb2 Kh3 54.f3 Kg2 55.fxe4 Rxe4+ 56.Kd3 Re3+
57.Kd2 Re8 58.c4 f3 59.Kd3+ f2 60.c5 Kg3 61.Rxf2 Kxf2 62.Kd4 Kf3 63.c6 Kf4
64.Kd5 Rd8+ 65.Ke6 Rc8 66.Kd7 Rxc6  1/2-1/2

[Event "25th Belgrade Trophy"]
[Site "Obrenovac SRB"]
[Date "2011.12.02"]
[Round "9.39"]
[White "Dimic,P"]
[Black "Lazic,Z"]
[Result "1-0"]
[WhiteElo "2034"]
[BlackElo "2216"]

1.e4 g6 2.d4 Bg7 3.Nc3 d6 4.h3 Nf6 5.Nf3 O-O 6.Be3 c6 7.a4 Nbd7 8.Be2 Qc7
9.O-O Re8 10.a5 Rb8 11.Qd2 b5 12.axb6 axb6 13.e5 dxe5 14.dxe5 Nd5 15.Nxd5 cxd5
16.e6 fxe6 17.Nd4 Nc5 18.Nb5 Qd8 19.Qb4 Bd7 20.Rfd1 Rf8 21.Bf3 Qe8 22.Nc3 Be5
23.Ne2 Na4 24.Ra2 b5 25.Bf4 Bxf4 26.Nxf4 Rc8 27.Qd2 Qf7 28.Nd3 Qf6 29.Re1 Nb6
30.Ra7 Bc6 31.Bg4 Nc4 32.Qb4 Rce8 33.Rxe6 Qd4 34.Rexe7 Qf6 35.Be6+  1-0

[Event "TCh-AUT 2 Mitte 2011-12"]
[Site "Steyregg AUT"]
[Date "2011.12.03"]
[Round "5"]
[White "Kranzl,P"]
[Black "Webersberger,J"]
[Result "1/2-1/2"]
[WhiteElo "2253"]
[BlackElo "2380"]

1.e4 d6 2.d4 g6 3.Nc3 Bg7 4.g3 Nf6 5.Bg2 O-O 6.Nge2 Nbd7 7.O-O Rb8 8.a4 c5
9.h3 b6 10.Be3 a6 11.g4 cxd4 12.Bxd4 Bb7 13.Ng3 Ba8 14.Re1 Ne5 15.g5 Nfd7
16.f4 Nc6 17.Bxg7 Kxg7 18.Qd2 b5 19.axb5 axb5 20.Nd5 b4 21.h4 e6 22.Ne3 Qb6
23.Kh2 Rbd8 24.h5 Qc5 25.Rac1 f6 26.h6+ Kh8 27.gxf6 Nxf6 28.c3 b3 29.Bf3 g5
30.f5 Ne5 31.Bg2 Nfg4+ 32.Nxg4 Nxg4+ 33.Kh3 Nf2+ 34.Kh2 Ng4+ 35.Kh3 Nf2+
36.Kh2 Rf6 37.Bf3 Rxh6+ 38.Kg2 Nh3 39.Re3 Nf4+ 40.Kf1 Bb7 41.Qd4+ Qxd4 42.cxd4 Ba6+
43.Kg1 Nh3+ 44.Kg2 Nf4+  1/2-1/2

[Event "TCh-AUT 2 Mitte 2011-12"]
[Site "Maria Saal AUT"]
[Date "2011.12.04"]
[Round "6"]
[White "Ertl,J"]
[Black "Kuess,M"]
[Result "1-0"]
[WhiteElo "2274"]
[BlackElo "2106"]

1.e4 g6 2.d4 d6 3.Nc3 Bg7 4.Be3 Nd7 5.Qd2 e6 6.O-O-O h5 7.Bg5 Ne7 8.Kb1 b6
9.f4 Bb7 10.Nf3 f6 11.Bh4 d5 12.exd5 exd5 13.Re1 O-O 14.h3 c5 15.g4 hxg4
16.hxg4 Re8 17.f5 c4 18.Qh2 Nf8 19.Nb5 Nc6 20.Be2 Re7 21.g5 Re4 22.Nd6 Nxd4
23.Nxb7 Nxf3 24.Bxf3 Rxh4 25.Qxh4 Qd7 26.gxf6  1-0

[Event "Chin Van Xanddorj GM"]
[Site "Ulaanbaatar MGL"]
[Date "2011.12.06"]
[Round "2"]
[White "Munguntuul,B"]
[Black "Assanov,B"]
[Result "1-0"]
[WhiteElo "2459"]
[BlackElo "2442"]

1.e4 g6 2.d4 Bg7 3.Nc3 d6 4.f4 Nc6 5.Nf3 Bg4 6.Be3 e5 7.dxe5 dxe5 8.Qxd8+ Rxd8
9.Nd5 Nf6 10.Nxc7+ Kd7 11.Nb5 Nxe4 12.O-O-O+ Kc8 13.Bd3 exf4 14.Nxa7+ Nxa7
15.Bxa7 f5 16.a4 Rd5 17.Bb6 Nc5 18.Bb5 Rxd1+ 19.Rxd1 Ne4 20.a5 Bf6 21.a6 bxa6
22.Bxa6+ Kb8 23.Rd7 g5 24.Ba7+ Ka8 25.Bc4  1-0

[Event "London Classic Women's Invitational"]
[Site "London ENG"]
[Date "2011.12.07"]
[Round "5"]
[White "Steil Antoni,F"]
[Black "Ciuksyte,D"]
[Result "0-1"]
[WhiteElo "2104"]
[BlackElo "2327"]

1.e4 g6 2.d4 Bg7 3.Nc3 d6 4.Be3 Nd7 5.Qd2 h6 6.Nf3 e6 7.Bc4 Ne7 8.O-O a6
9.a4 b6 10.Rad1 Nf6 11.h3 Bb7 12.d5 e5 13.Nh2 g5 14.f3 Nh5 15.Ne2 Ng6 16.b3 Ngf4
17.Kf2 O-O 18.g3 Bc8 19.Ng4 f5 20.exf5 Bxf5 21.Rh1 Nxh3+ 22.Kg2 e4 23.Nd4 exf3+
24.Kxh3 Bxd4 25.Qxd4 Nf6 26.Kh2 Nxg4+ 27.Kg1 Qf6 28.Qxf6 Rxf6 29.Bd4 Rf7
30.Rd2 a5 31.Bb5 Kh7 32.Kf1 Kg6 33.Bf2 Re7 34.Bd4 Rf8 35.Bc4 h5 36.Bb5 Be4
37.Bf2 Rf5 38.Bc4 Nf6 39.Bd4 Bxd5  0-1

[Event "80th Anniversary Mollet CM"]
[Site "Mollet del Valles ESP"]
[Date "2011.12.07"]
[Round "5"]
[White "Comellas Blanchart,J"]
[Black "Camus,Adrian Hugo"]
[Result "1-0"]
[WhiteElo "2101"]
[BlackElo "1955"]

1.e4 d6 2.d4 g6 3.Nc3 Bg7 4.f4 c6 5.Nf3 Bg4 6.Be3 Nd7 7.h3 Bxf3 8.Qxf3 e6
9.O-O-O Ne7 10.g4 d5 11.f5 exf5 12.exd5 O-O 13.dxc6 bxc6 14.Bc4 Nb6 15.Bb3 f4
16.Bxf4 Ned5 17.Kb1 Nxf4 18.Qxf4 Qd7 19.Ne4 Qd8 20.h4 a5 21.a4 Nd5 22.Qg3 Rb8
23.h5 Rb4 24.hxg6 fxg6 25.g5 Rxd4 26.Rxd4 Bxd4 27.Qh4 Qe7 28.Rd1 Bg7 29.Re1 Qb4
30.Rh1 Rf7 31.Qxh7+ Kf8 32.Qxg6 Qd4 33.Nf6 Bxf6 34.gxf6 Qxf6 35.Qxf6 Rxf6
36.Bxd5 cxd5 37.Rh8+ Ke7 38.Ra8 d4 39.Rxa5 Rf1+ 40.Ka2 Kd6 41.Kb3 Rf2 42.Ra8 Kc5
43.Rc8+ Kb6 44.Ka3 Rd2 45.Rc4 d3 46.cxd3 Rxd3+ 47.Rc3 Rd1 48.b3 Rd4 49.Rh3 Rg4
50.Rh5 Rf4 51.a5+ Ka6 52.b4 Rf3+ 53.Ka4 Rf4 54.Rh6+ Ka7 55.a6 Rg4 56.Ka5 Rg5+
57.b5 Rg8 58.b6+ Kb8 59.a7+ Kb7 60.Rh7+ Ka8 61.Ka6  1-0

[Event "2nd JAHV McGregor Open"]
[Site "Bogota COL"]
[Date "2011.12.08"]
[Round "5"]
[White "Becerra,J"]
[Black "Lizarazo,J"]
[Result "1-0"]
[WhiteElo "2280"]
[BlackElo "2080"]

1.e4 d6 2.d4 g6 3.Nc3 Bg7 4.Be2 Nf6 5.g4 c5 6.d5 h5 7.g5 Nfd7 8.f4 Na6 9.Be3 Qa5
10.Qd2 Rb8 11.Nf3 b5 12.O-O b4 13.Nd1 Qb6 14.Nh4 Nc7 15.e5 Nf8 16.Bc4 Ba6
17.b3 Bxc4 18.bxc4 f5 19.gxf6 exf6 20.f5 dxe5 21.fxg6 f5 22.Nxf5 Qxg6+ 23.Kh1 Nd7
24.Qd3 Rf8 25.Bd2 Rb6 26.Nde3 Bh8 27.Rg1 Qf7 28.Raf1 Nf6 29.d6 Ne6 30.Nd5 Qb7
31.Qf3 Kd8 32.Nxb6 Qxf3+ 33.Rxf3 axb6 34.Ne7 Ng4 35.Rxf8+ Nxf8 36.h3 Nf6
37.Nc6+ Kd7 38.Nxe5+ Ke6 39.Re1 N6d7 40.Ng6+ Kxd6 41.Nxh8  1-0

[Event "FSFMB December 2011"]
[Site "Budapest HUN"]
[Date "2011.12.08"]
[Round "6"]
[White "Mayer,I"]
[Black "Engelbrecht,I"]
[Result "1-0"]
[WhiteElo "2031"]
[BlackElo "1651"]

1.e4 d6 2.d4 g6 3.Nc3 Bg7 4.Bg5 Nf6 5.e5 dxe5 6.dxe5 Qxd1+ 7.Rxd1 Ng4 8.h3 Nxe5
9.Nd5 O-O 10.Nxc7 Bf5 11.Nxa8 Nbc6 12.Nc7 Rc8 13.Nd5 f6 14.Bf4 g5 15.Bxe5 fxe5
16.Ne3 Nd4 17.c3  1-0

[Event "Ascona Open"]
[Site "Ascona SUI"]
[Date "2011.12.09"]
[Round "1.5"]
[White "Misiano,F"]
[Black "Schneider,Ant"]
[Result "1-0"]
[WhiteElo "2293"]
[BlackElo "1978"]

1.e4 g6 2.d4 Bg7 3.Nc3 d6 4.f4 Nh6 5.Nf3 Nd7 6.Be3 Nb6 7.h3 f5 8.e5 e6 9.Qd2 Nf7
10.O-O-O d5 11.g4 Nh6 12.Qg2 Bf8 13.g5 Nf7 14.h4 Bb4 15.Nb1 c6 16.h5 Rg8
17.hxg6 hxg6 18.Nbd2 Nd7 19.Rh7 Nf8 20.Rh3 Qa5 21.Kb1 b5 22.Nb3 Qc7 23.Bd2 Bxd2
24.Qxd2 a5 25.Nc5 Nd8 26.Ne1 Nb7 27.Ned3 Nxc5 28.Nxc5 Qe7 29.Qh2 Ra7 30.Be2 Rg7
31.Rh1 Rh7 32.Qg2 Rxh3 33.Rxh3 Qg7 34.Qh2 Qg8 35.c3 Rh7 36.Rxh7 Qxh7 37.Qxh7 Nxh7
38.a4 bxa4 39.Ka2 Kd8 40.Ka3 Kc7 41.Kxa4 Kb6 42.c4 Nf8 43.b3 Nh7 44.Nd3 dxc4
45.bxc4 Nf8 46.c5+ Kc7 47.Kxa5 Nd7 48.Nb4 Bb7 49.Ba6 Bxa6 50.Kxa6 Nb8+ 51.Ka7 Nd7
52.Nd3 Kc8 53.Ne1  1-0

[Event "FSFMA December 2011"]
[Site "Budapest HUN"]
[Date "2011.12.09"]
[Round "7"]
[White "Gupta,B"]
[Black "Zala,G"]
[Result "1-0"]
[WhiteElo "1998"]
[BlackElo "1999"]

1.e4 g6 2.d4 Bg7 3.Nc3 d6 4.f4 Nd7 5.Nf3 e6 6.Be3 Ne7 7.Bd3 b6 8.Qd2 Bb7
9.O-O d5 10.e5 a6 11.Na4 Bh6 12.c3 Bc6 13.Qc2 Bb5 14.b4 Nf5 15.Bd2 Rc8 16.Bxb5 axb5
17.Nb2 c5 18.Qd3 c4 19.Qc2 Ra8 20.a4 bxa4 21.Rxa4 b5 22.Rxa8 Qxa8 23.g4 Ne7
24.Nh4 Qa2 25.Rb1 O-O 26.Rf1 Kh8 27.f5 Bxd2 28.Qxd2 gxf5 29.gxf5 Rg8+ 30.Kh1 exf5
31.Qc2 Rg5 32.Ng2 Nf8 33.Nf4 Ne6 34.Qd2 Nxf4 35.Qxf4 Rg4 36.Qf2 Qa6 37.Nd1 Qh6
38.Ne3 Rh4 39.Ra1 Qf4 40.Qg2 Ng6 41.Nxd5 Qh6 42.Nf6 Kg7 43.Ne8+ Kh8 44.Nd6 Qh5
45.Nxf7+ Kg8 46.Ng5 Rg4 47.Qd5+ Kg7 48.Ra7+ Kh6 49.Rxh7+ Kxg5 50.Qd8+  1-0

[Event "London Classic Women's Invitational"]
[Site "London ENG"]
[Date "2011.12.10"]
[Round "8"]
[White "Steil Antoni,F"]
[Black "Lauterbach,I"]
[Result "1-0"]
[WhiteElo "2104"]
[BlackElo "2075"]

1.e4 g6 2.d4 d6 3.Nc3 Bg7 4.Be3 a6 5.Qd2 Nd7 6.h4 h6 7.h5 g5 8.Nge2 Ngf6
9.f3 e6 10.Ng3 Ng8 11.Be2 Ne7 12.O-O-O b6 13.Rhf1 Bb7 14.f4 gxf4 15.Rxf4 Nc6
16.Rdf1 Nxd4 17.Bc4 Nb5 18.Rxf7 Bxc3 19.bxc3 Ne5 20.Bxe6 Nxf7 21.Bxf7+ Kd7
22.a4 Qh4 23.Qf2 Bxe4 24.Nxe4 Qxe4 25.axb5 axb5 26.Bg6 Ra1+ 27.Kd2 Qd5+ 28.Bd4 Rxf1
29.Qxf1 c5 30.Qf5+  1-0